000 00570nam a2200205Ia 4500
003 GCL
008 140319s9999 xx 000 0 ara d
040 _aGCL /
_cGCL
082 0 4 _a813.03
_bا ع
100 1 _aابراهيم نصرالله
245 1 0 _aعو : رواية /
_cابراهيم نصرالله
250 _aالاولى
260 _aالاردن :
_bدار الشروق ،
_c1990
300 _a174 ص ؛
_c21 سم
490 _a
650 0 4 _aالادب العربى
650 0 4 _aالقصص العربية
650 0 4 _aمصر
942 _2ddc
_cBK
999 _c56071
_d56071